| 000 | 00538nam a22001937a 4500 | ||
|---|---|---|---|
| 005 | 20240409143657.0 | ||
| 010 | _aENG-140062 | ||
| 020 |
_a9788195358342 _c400.00 |
||
| 035 | _aEN-123594 | ||
| 037 | _bDBAD | ||
| 082 | _a881 | ||
| 100 |
_aPattnaik, Sonali _964485 |
||
| 245 |
_aWhen the flowers begin to speak / _cby Sonali Pattnaik |
||
| 250 | _aFirst | ||
| 260 |
_aKolkata _bWriters Workshop _c2021 |
||
| 270 |
_aC-532,Lake Garden _bKolkata _e700045 |
||
| 300 |
_a151p. _c22(Hb) |
||
| 942 |
_cEN _2ddc _h881 _mPAT |
||
| 999 |
_c202016 _d202016 |
||